Dolgoročnyje celevyje programmy sotrudničestva stran - členov SEV

Salvato in:
Dettagli Bibliografici
Autore principale: Pekšev, Jurij Aleksandrovič
Natura: Libro
Lingua:russo
Pubblicazione: Moskva Nauka 1980
Soggetti:
Tags: Aggiungi Tag
Nessun Tag, puoi essere il primo ad aggiungerne!!

MARC

LEADER 00000nam a2200000 4500
001 c141453
005 20260325070736.4
041 0 |a rus 
044 |a RU 
245 1 0 |a Dolgoročnyje celevyje programmy sotrudničestva stran - členov SEV  |c Jurij Aleksandrovič Pekšev 
264 1 |a Moskva  |b Nauka  |c 1980 
300 |a 189 s. 
610 2 0 |a RVHP 
100 1 |a Pekšev, Jurij Aleksandrovič